| 000 | 00693nam a2200217Ia 4500 | ||
|---|---|---|---|
| 003 | GCL | ||
| 005 | 20240530102041.0 | ||
| 008 | 140319s9999 xx 000 0 ara d | ||
| 040 |
_aGCL / _cGCL |
||
| 082 | 0 | 4 |
_a320.956 _bا ف |
| 100 | 1 | _aاسماعيل صبرى عبدالله | |
| 245 | 1 | 0 |
_aفى مواجهة اسرائيل / _cاسماعيل صبرى عبدالله |
| 260 |
_a[S.N] : _bدار المعارف ، _c1996 |
||
| 300 |
_a168 ص. ؛ _c20 سم |
||
| 490 | 0 |
_aاقرأ _v319 |
|
| 650 | 0 | 4 | _aالعالم العربى |
| 650 | 0 | 4 | _aالنزاع العربى الاسرائيلى |
| 650 | 0 | 4 | _aاسرائيل |
| 650 | 0 | 4 | _aالقضية الفلسطينية |
| 942 |
_2ddc _cBK |
||
| 999 |
_c29431 _d29431 |
||